| 000 | 01032cab a22002175a 4500 | ||
|---|---|---|---|
| 001 | L136236 | ||
| 008 | 070118s2006 xxk f 000 0 eng d | ||
| 035 | _a(Sirsi) u136236 | ||
| 041 | 0 | _aeng | |
| 100 | 1 | _aCrook, A. D. H. | |
| 245 | 0 | 0 |
_aPlanning gain and the supply of new affordable housing in England _bunderstanding the numbers |
| 260 | _c2006 | ||
| 490 | 0 |
_aTown Planning Review _v77(3) 2006, 355-373(19) |
|
| 520 | _aAssesses the extent to which the policy to generate land and finance for affordable housing through the land use planning system in England is achieving its objectives after fifteen years in place. Draws on a number of complementary research projects to look at how the policy has developed and then at the outputs and outcomes. Examines the numbers being achieved and the proportion of total output that this represents. | ||
| 651 | 4 |
_aEngland _y886- |
|
| 690 |
_aPlanning and development _96259 |
||
| 700 | 1 | _aMonk, S. | |
| 700 | 1 | _aRowley, S. | |
| 700 | 1 | _aWhitehead, Christine M. E. | |
| 942 | _n0 | ||
| 999 |
_c78202 _d78202 |
||